[Event "Parana-chT (Women) 61st"]
[Site "Londrina"]
[Date "2018.09.25"]
[Round "3.2"]
[White "Borghezan, Laryssa Zanini"]
[Black "Schnepper, Amanda Piveta"]
[Result "1-0"]
[WhiteElo "1585"]
[BlackElo "1572"]
[PlyCount "111"]
[EventDate "2018.09.24"]
[EventType "team-tourn"]
[EventRounds "6"]
[EventCountry "BRA"]
[SourceTitle "CBM 187 Extra"]
[Source "ChessBase"]
[SourceDate "2018.11.04"]
[SourceVersion "1"]
[SourceVersionDate "2018.11.04"]
[SourceQuality "1"]
[WhiteTeam "Francisco Beltrao (W)"]
[BlackTeam "Pirai do Sul (W)"]
[WhiteTeamCountry "BRA"]
[BlackTeamCountry "BRA"]

1. c4 g6 2. Nf3 Bg7 3. g3 c5 4. Bg2 Qb6 5. Nc3 Nc6 6. Rb1 d6 7. 0-0 Bf5 8. e4 Be6 9. Nd5 Qd8 10. d3 Bxd5 11. exd5 Ne5 12. Nxe5 Bxe5 13. Qa4+ Qd7 14. Qxd7+ Kxd7 15. f4 Bd4+ 16. Kh1 h5 17. b3 Nh6 18. Bb2 Nf5 19. Bxd4 Nxd4 20. Rb2 h4 21. g4 h3 22. Bf3 Nxf3 23. Rxf3 Rh4 24. Rbf2 Rah8 25. Rg3 f5 26. gxf5 gxf5 27. Rff3 Kc7 28. Rg7 R8h7 29. Rxh7 Rxh7 30. Kg1 Kb6 31. a3 Kc7 32. Kf2 Kd7 33. Rg3 Rh4 34. Kf3 Rh5 35. Rg5 Rxg5 36. fxg5 e6 37. Kf4 Ke7 38. Kg3 e5 39. Kxh3 Kf7 40. Kg3 Kg6 41. h4 Kh5 42. Kh3 a6 43. b4 cxb4 44. axb4 b6 45. c5 e4 46. dxe4 fxe4 47. cxb6 e3 48. b7 e2 49. b8Q e1Q 50. Qh8+ Kg6 51. Qf6+ Kh7 52. Qh6+ Kg8 53. Qe6+ Qxe6+ 54. dxe6 d5 55. Kg2 d4 56. Kf3 1-0

[Event "Caioba Telecom op"]
[Site "Caioba"]
[Date "2018.08.03"]
[Round "5"]
[White "Boutin Neto, Mauro Albano"]
[Black "Schnepper, Amanda Piveta"]
[Result "1-0"]
[WhiteElo "1373"]
[BlackElo "1671"]
[PlyCount "67"]
[EventDate "2018.08.01"]
[EventType "swiss"]
[EventRounds "9"]
[EventCountry "BRA"]
[SourceTitle "CBM 186 Extra"]
[Source "ChessBase"]
[SourceDate "2018.08.24"]
[SourceVersion "1"]
[SourceVersionDate "2018.08.24"]
[SourceQuality "1"]

1. d4 d5 2. Bf4 c5 3. Nf3 Nc6 4. e3 Nf6 5. c3 e6 6. Nbd2 Nh5 7. Bg3 Nxg3 8. hxg3 c4 9. Be2 b5 10. Qc2 g6 11. b3 Bd7 12. bxc4 bxc4 13. 0-0 Bg7 14. e4 0-0 15. Rfe1 Qa5 16. Nh2 Bh6 17. Ng4 Nxd4 18. Nxh6+ Kg7 19. cxd4 Kxh6 20. Qc1 Kg7 21. exd5 exd5 22. Nf3 c3 23. Ne5 Ba4 24. Ng4 f5 25. Qh6+ Kh8 26. Ne5 Kg8 27. Nf3 Rab8 28. Ng5 Rb7 29. Ne6 Rfb8 30. Nc5 Rb2 31. Ne6 R2b7 32. Rab1 c2 33. Rxb7 Qxe1+ 34. Kh2 1-0

[Event "BRA-ch U26 (Women)"]
[Site "Cuiaba"]
[Date "2016.11.04"]
[Round "3"]
[White "Lopes, Bianca Luanna Barro"]
[Black "Schnepper, Amanda Piveta"]
[Result "0-1"]
[WhiteElo "1526"]
[BlackElo "1772"]
[PlyCount "75"]
[EventDate "2016.11.03"]
[EventType "swiss"]
[EventRounds "7"]
[EventCountry "BRA"]
[SourceTitle "CBM 175 Extra"]
[Source "ChessBase"]
[SourceDate "2016.12.12"]
[SourceVersion "1"]
[SourceVersionDate "2016.12.12"]
[SourceQuality "1"]

1. e4 c6 2. Nc3 d5 3. d3 dxe4 4. Nxe4 Bf5 5. Bd2 e6 6. g3 Nd7 7. Bg2 Ngf6 8. Nc3 Qb6 9. b3 Ng4 10. Qe2 Bc5 11. 0-0-0 Ba3+ 12. Kb1 Qxf2 13. Rf1 Qxe2 14. Ncxe2 Bc5 15. Be1 Ne3 16. Rf2 Nxg2 17. Rxg2 Nf6 18. h3 Nd5 19. Nf3 f6 20. Ned4 0-0-0 21. Bf2 Bxd4 22. Bxd4 b6 23. Bb2 c5 24. Re2 Rhe8 25. Nd2 Re7 26. g4 Bg6 27. Rf1 Rde8 28. Ne4 Kc7 29. Bc1 Bxe4 30. Kb2 Bg6 31. Bd2 Kb7 32. h4 c4 33. h5 Bf7 34. b4 cxd3 35. Ref2 Nc7 36. Rf3 Rd7 37. Kc3 dxc2 38. Kxc2 0-1

[Event "BRA-ch U26 (Women)"]
[Site "Cuiaba"]
[Date "2016.11.04"]
[Round "2"]
[White "Schnepper, Amanda Piveta"]
[Black "De Melo, Raissa Vieira"]
[Result "1/2-1/2"]
[WhiteElo "1772"]
[BlackElo "1582"]
[PlyCount "68"]
[EventDate "2016.11.03"]
[EventType "swiss"]
[EventRounds "7"]
[EventCountry "BRA"]
[SourceTitle "CBM 175 Extra"]
[Source "ChessBase"]
[SourceDate "2016.12.12"]
[SourceVersion "1"]
[SourceVersionDate "2016.12.12"]
[SourceQuality "1"]

1. Nf3 d5 2. c4 e6 3. e3 Nf6 4. Nc3 c6 5. d4 dxc4 6. Bxc4 b5 7. Bd3 Be7 8. 0-0 Nbd7 9. a3 0-0 10. Qc2 Bb7 11. Rd1 a6 12. Ne5 h6 13. h3 c5 14. Nxd7 Nxd7 15. dxc5 Bxc5 16. b4 Be7 17. Bb2 Rc8 18. Qd2 Ne5 19. Be4 Bxe4 20. Nxe4 Qxd2 21. Rxd2 Nc4 22. Rd7 Nxb2 23. Rxe7 Nd3 24. Rd7 Ne5 25. Rd6 Rc6 26. Rxc6 Nxc6 27. Nc5 a5 28. bxa5 Nxa5 29. Rb1 Nc4 30. Rxb5 Nxa3 31. Rb7 Nc4 32. Ne4 Rd8 33. Rc7 Nd6 34. Nxd6 Rxd6 1/2-1/2

[Event "Sao Jose dos Pinhais tt (Women)"]
[Site "Sao Jose dos Pinhais"]
[Date "2012.11.14"]
[Round "1.2"]
[White "Schnepper, Amanda Piveta"]
[Black "Rocha, Juliana da Silva"]
[Result "0-1"]
[WhiteElo "1663"]
[BlackElo "1655"]
[PlyCount "100"]
[EventDate "2012.11.14"]
[EventType "team-swiss"]
[EventRounds "7"]
[EventCountry "BRA"]
[SourceTitle "CBM 151 Extra"]
[Source "ChessBase"]
[SourceDate "2012.12.18"]
[SourceVersion "1"]
[SourceVersionDate "2012.12.18"]
[SourceQuality "1"]
[WhiteTeam "Ponta Grossa (W)"]
[BlackTeam "Paranavai (W)"]
[WhiteTeamCountry "BRA"]
[BlackTeamCountry "BRA"]

1. Nf3 e6 2. c4 b6 3. Nc3 Bb7 4. b3 Nf6 5. Bb2 d5 6. e3 Nbd7 7. Be2 a6 8. 0-0 Bd6 9. d4 c5 10. Ba3 Qc7 11. Rb1 0-0 12. dxc5 Nxc5 13. Qc2 dxc4 14. bxc4 Rad8 15. Na4 Be4 16. Qc1 Bxb1 17. Nxc5 Bxc5 18. Bxc5 Qxc5 19. Qxb1 h6 20. Qb2 Rd6 21. Nd4 h5 22. Rc1 h4 23. h3 Rc8 24. a4 Qa5 25. Qa3 Rdd8 26. Bf3 Qc5 27. Qxc5 Rxc5 28. Nc6 Rd2 29. Nd4 Ra2 30. Bd1 Ne4 31. Ne2 Nd2 32. Kh2 Nxc4 33. Nc3 Rb2 34. Ne4 Rc8 35. Ra1 Rd8 36. Bf3 Ne5 37. Rc1 Nxf3+ 38. gxf3 Kf8 39. Kg2 Ke7 40. Rc7+ Rd7 41. Rc4 b5 42. Rc6 Ra7 43. a5 Ra2 44. Nd6 Ra8 45. Nb7 Kd7 46. Rxa6 Rxa6 47. Nc5+ Kd6 48. Nxa6 Rxa5 49. Nb4 Ra4 50. Nc2 b4 0-1